000 00628nam a2200217Ia 4500
003 OSt
005 20250306102450.0
008 210210b2003 xxu||||| |||| 00| 0 eng d
020 _a81 7713 146 X
040 _cAL
041 _aKannada
082 _ak894.9 VIJO
100 _aVIJAYA GUTTALA.
_dವಿಜಯಾ ಗುತ್ತಲ
_9204533
245 _aOdishius elithis.
_bಒಡಿಶಿಯಸ್ ಎಲೀತಿಸ್
260 _aBengaluru
_bKannada Pustaka Pradhikara
_c2003
300 _axxxiii,73
650 _aNobel Lowreate
_9204534
690 _aKannada Criticism
_9204535
906 _aSG04020
942 _2ddc
_cSG
999 _c114829
_d114829